00325nam a22001217a 4500020001900000040000900019082001200028100002200040110001900062245003800081260003500119650004900154 a 9786074371697 cNUST a747 HAR aHaro, Fernando De aFuentes, Omar  aInteriors: bPractical Atmosphere aMexico:bAM Publishers,c2011. a Interior decoration. Decoración interior.